| 000 | 00529cam a2200181ua 4500 | ||
|---|---|---|---|
| 020 | _a0-13-482373-7 | ||
| 041 |
_aeng _h |
||
| 082 |
_a604.2 _bLUZ/IN |
||
| 100 | _aLuzadder, Warren J. | ||
| 245 |
_aIntroduction to engineering drawing: The foundations of engineering design and computer aided drafting / _cWorren J Luzadder. _hTextual Documents |
||
| 250 |
_a1 / _b. |
||
| 260 |
_aNew Jersey : _bPrentice Hall Inc , _c1989. |
||
| 300 | _a357 ; . | ||
| 504 | _a | ||
| 700 | 1 | _aDuff, Jon M. | |
| 942 | _cBK | ||
| 999 |
_c181 _d181 |
||